000 01130cam a2200289 i 4500
001 400
003 BD-RjUL
005 20211208233154.0
008 760730s1976 nyu b 000 0 eng
020 _a0379005867
035 _a(BD-RjUL)417
040 _aDLC
_cDLC
_dDLC
_dBD-RjUL
_beng
041 _aeng
082 0 0 _a016.341448
_223
_bVOO 1976
100 1 _aVon Pfeil, Helena P.
_91254
245 1 0 _aOceans, coasts, and law :
_bHoldings of eighteen libraries with Union list, plus selected additional books, papers, foreign, and U.S. articles categorized by topic /
_cby Helena P. von Pfeil ; foreword by Myron Nordquist ; pref. by H. Gary Knight.
260 _aDobbs Ferry, N.Y. :
_bOceana Publications,
_c1976.
300 _a V ;
_c26 cm.
505 0 _aVol. 1, Holdings of eighteen libraries.--
650 0 _aLaw of the sea
_xBibliography.
_91255
650 0 _aTerritorial waters
_xBibliography.
_91256
650 0 _aMaritime law
_zUnited States
_xBibliography.
_91257
700 _aNordquist, Myron, foreworder
_9168979
700 _aKnight, H. Gary, prefacer
_9168980
942 _2ddc
_cREF
999 _c400
_d400